Statistics for Landlocked Countries of Asia Quiz

Click here to take the quiz!

General Stats

  • This quiz has been taken 48 times
    (21 since last reset)
  • The average score is 10 of 12

Answer Stats

Countries% Correct
Afghanistan
100%
Kyrgyzstan
100%
Tajikistan
94%
Turkmenistan
94%
Azerbaijan
89%
Kazakhstan
89%
Mongolia
89%
Uzbekistan
89%
Laos
83%
Armenia
78%
Bhutan
72%
Nepal
67%

Score Distribution

Percentile by Number Answered

Percent of People with Each Score

Your Score History

You have not taken this quiz since the last reset